|
|
|
|
| LEADER |
00000nam0a2200000 4500 |
| 001 |
674004 |
| 005 |
20241017163749.0 |
| 090 |
|
|
|a 674004
|
| 100 |
|
|
|a 20240808d1951 km|y0rusy50 ca
|
| 101 |
0 |
|
|a rus
|
| 102 |
|
|
|a RU
|
| 105 |
|
|
|a c z 010yd
|
| 181 |
|
0 |
|a i
|b e
|
| 182 |
|
0 |
|a n
|
| 183 |
|
0 |
|a nc
|2 RDAcarrier
|
| 200 |
1 |
|
|a Выдающиеся ученые горного института. 1773-1948
|e Сборник статей, посвященных 175-летию Горного института
|h Вып. 2
|f Ленинградский горный институт ; ред.-сост. И. И. Шафрановский, В. И. Михеев ; гл. ред. П. М. Татаринова ; отв. ред. Н. В. Левенберг
|
| 203 |
|
|
|a Текст
|b визуальный
|c непосредственный
|
| 210 |
|
|
|a Ленинград
|c Изд-во Ленинградского горного института
|d 1948
|
| 215 |
|
|
|a 131 с.
|c ил.
|
| 283 |
|
|
|a volume
|2 RDAcarrier
|
| 320 |
|
|
|a Библиография в ссылках
|
| 320 |
|
|
|a Постраничные примечания
|
| 600 |
|
1 |
|a Соколов
|b Д. И.
|c русский геолог
|c профессор Петербургского университета
|f 1788-1852
|g Дмитрий Иванович
|9 4218
|
| 600 |
|
1 |
|a Еремеев
|b П. В.
|c минералог
|c профессор Горного Института
|c академик Петербургской АН (с 1894)
|c редактор журнала "Записки Русского Минералогического Общества"
|f 1830-1899
|g Павел Владимирович
|9 9228
|
| 600 |
|
1 |
|a Мушкетов
|b И. В.
|c российский геолог
|c исследователь Средней Азии
|f 1850-1902
|g Иван Васильевич
|9 5113
|
| 600 |
|
1 |
|a Чернышёв
|b Ф. Н.
|c русский геолог
|c палеонтолог
|c академик Петербургской АН
|f 1856-1914
|g Феодосий Николаевич
|9 612
|
| 600 |
|
1 |
|a Курнаков
|b Н. С.
|c российский физикохимик
|c академик АН СССР
|f 1860-1941
|g Николай Семенович
|9 700
|
| 600 |
|
1 |
|a Лутугин
|b Л. И.
|c геолог
|c сотрудник Геолкома (1890-1897)
|f 1864-1915
|g Леонид Иванович
|9 9395
|
| 600 |
|
1 |
|a Губкин
|b И. М.
|c российский геолог
|c основатель нефтяной геологии
|f 1871-1939
|g Иван Михайлович
|9 593
|
| 600 |
|
1 |
|a Борисяк
|b А. А.
|c российский геолог
|c палеонтолог
|c академик АН СССР
|f 1872-1944
|g Алексей Алексеевич
|9 4352
|
| 600 |
|
1 |
|a Степанов
|b Н. И.
|c российский химик
|c сотрудник Института общей и неорганической химии АН СССР
|f 1879-1938
|g Николай Иванович
|9 10410
|
| 600 |
|
1 |
|a Степанов
|b П. И.
|c профессор Ленинградского горного института (1919-1926)
|c академик АН СССР (1939)
|f 1880-1947
|g Павел Иванович
|9 10416
|
| 600 |
|
1 |
|7 ca
|8 rus
|a Бахурин
|b И. М.
|c специалист в области маркшейдерии
|c член-корреспондент АН СССР (1939), профессор Ленинградского горного института
|f 1880-1940
|g Иван Михайлович
|9 88629
|
| 600 |
|
1 |
|7 ca
|8 rus
|a Доливо-Добровольский
|b В. В.
|c геолог
|c профессор Ленинградского горного института
|f 1904-1936
|g Вадим Владимирович
|9 88630
|
| 601 |
0 |
2 |
|a Ленинградский горный институт им. Г. В. Плеханова
|c (1924-1991)
|9 23508
|
| 606 |
1 |
|
|a Высшее образование
|x История
|9 32313
|
| 610 |
1 |
|
|a инженерное образование
|
| 610 |
1 |
|
|a история
|
| 610 |
1 |
|
|a Россия
|
| 610 |
1 |
|
|a Российская империя
|
| 610 |
1 |
|
|a СССР
|
| 610 |
1 |
|
|a 18 век
|
| 610 |
1 |
|
|a 19 век
|
| 610 |
1 |
|
|a 20 век
|
| 610 |
1 |
|
|a высшие учебные заведения
|
| 686 |
|
|
|2 rubbk
|a Ч483
|
| 702 |
|
1 |
|4 340
|4 220
|a Шафрановский
|b И. И.
|
| 702 |
|
1 |
|4 340
|4 220
|a Михеев
|b В. И.
|
| 702 |
|
1 |
|a Татаринов
|b П. М.
|c российский геолог
|c член-корреспондент АН СССР
|f 1895-1976
|g Павел Михайлович
|4 340
|9 14254
|
| 702 |
|
1 |
|a Левенберг
|b Н. В.
|4 340
|
| 712 |
0 |
2 |
|a Ленинградский горный институт им. Г. В. Плеханова
|c (1924-1991)
|4 570
|9 23508
|
| 801 |
|
0 |
|a RU
|b 63413507
|c 20240808
|
| 830 |
|
|
|a Ретро2024Каталогизация
|
| 850 |
|
|
|a 63413507
|
| 942 |
|
|
|c BK
|